| 000 | 00503nam a2200181Ia 4500 | ||
|---|---|---|---|
| 001 | 4175 | ||
| 005 | 20260306145736.0 | ||
| 008 | 260306t2002||||xx |||||||||||||| ||spa|| | ||
| 041 | _aESP | ||
| 082 |
_a310 _bI51 2002 |
||
| 100 |
_aInstituto Nacional de Estadística e Informática (INEI) _eAUT |
||
| 245 | 0 |
_aSistema Nacional de Estadística: _bCompendio estadístico, Perú 2002 |
|
| 260 | _c2002 | ||
| 300 |
_a891 páginas : _c23 cm. |
||
| 650 | _aGEN | ||
| 654 | _aCHU | ||
| 942 |
_cLIB _dJUS _fJUS _2ddc _n |
||
| 999 |
_c4175 _d4175 |
||